Sexo sin misterio (Registro nro. 9221)
[ vista simple ]
| 000 -CABECERA | |
|---|---|
| Longitud fija campo de control | 00982nam a2200277 a 4500 |
| 003 - • IDENTIFICADOR DELl NÚMERO DE CONTROL | |
| Identificador del número de control | CO-ViMGA |
| 005 - • FECHA Y HORA DE LA ÚLTIMA TRANSACCIÓN | |
| Fecha y hora de la última transacción | 20230915233132.0 |
| 008 - • CÓDIGOS DE INFORMACIÓN DE LONGITUD FIJA | |
| Códigos de información de longitud fija | 110317s2010 ck a gr 00010 spa d |
| 020 ## - • NÚMERO INTERNACIONAL NORMALIZADO PARA LIBROS | |
| Número Internacional Normalizado para Libros (ISBN) | 9789588293684 |
| 040 ## - FUENTE DE LA CATALOGACIÓN | |
| Centro catalogador de origen | CO-ViMGA |
| Lengua de catalogación | spa |
| Centro transcriptor | CO-ViMGA |
| 082 04 - • NÚMERO DE LA CLASIFICACIÓN DECIMAL DEWEY | |
| Número de clasificación (R) | 306.7 |
| Número del ítem | S15 |
| 100 10 - • PUNTO DE ACCESO PRINCIPAL-NOMBRE DE PERSONA | |
| Nombre de persona | Dos Santos, Flavia |
| 245 10 - • TITULO PROPIAMENTE DICHO | |
| Título | Sexo sin misterio |
| Mención de responsabilidad, etc. | Flavia Dos Santos ; editor Benjamn̕ Villegas |
| 250 ## - • MENCIÓN DE EDICIÓN | |
| Mención de edición | 2a. edicin̤ |
| 300 ## - • DESCRIPCIÓN FÍSICA | |
| Extensión | 207 pg̀inas |
| Otras características físicas | ilustraciones |
| Dimensiones | 21 cm. |
| 490 0# - • MENCIÓN DE SERIE | |
| Mención de serie | Coleccin̤ dorada. Interš general |
| 490 0# - • MENCIÓN DE SERIE | |
| Mención de serie | Villegas autoayuda |
| 500 ## - • NOTA GENERAL | |
| Nota general | Donacin̤ Villegas Editores |
| 500 ## - • NOTA GENERAL | |
| Nota general | Incluye datos biogrf̀icos de la autora en la solapa |
| 650 14 - • PUNTO DE ACCESO ADICIONAL DE MATERIA - TÉRMINO DE MATERIA | |
| Término de materia o nombre geográfico como elemento inicial | Relaciones sexuales |
| Subdivisión de forma | Preguntas y respuestas |
| Fuente del encabezamiento o término | LEMB |
| 650 14 - • PUNTO DE ACCESO ADICIONAL DE MATERIA - TÉRMINO DE MATERIA | |
| Término de materia o nombre geográfico como elemento inicial | Sexo (Psicologia) |
| Subdivisión de forma | Preguntas y respuestas |
| Fuente del encabezamiento o término | LEMB |
| 650 14 - • PUNTO DE ACCESO ADICIONAL DE MATERIA - TÉRMINO DE MATERIA | |
| Término de materia o nombre geográfico como elemento inicial | Sexo |
| Subdivisión de forma | Preguntas y respuestas |
| Fuente del encabezamiento o término | LEMB |
| 700 10 - • PUNTO DE ACCESO ADICIONAL - NOMBRE DE PERSONA | |
| Nombre de persona | Benjamn̕, Villegas |
| Término indicativo de función | editor |
| 942 ## - ENTRADA DE ELEMENTOS AGREGADOS (KOHA) | |
| Fuente de clasificaión o esquema | Dewey Decimal Classification |
| Koha [por defecto] tipo de item | Libro Referencia |
| Perdido | Fuente de clasificación o esquema | Estado Físico | No para préstamo | Forma de adquisición | Localización permanente | Localización actual | Localización en estanterías | Fecha adquisición | Préstamos totales | Signatura completa | Código de barras | Fecha última consulta | Número de copia | Fecha del precio de reemplazo | Tipo de item de Koha | Note pública |
|---|---|---|---|---|---|---|---|---|---|---|---|---|---|---|---|---|
| Dewey Decimal Classification | Colección General | Biblioteca Pública Restrepo | Biblioteca Pública Restrepo | General | 07/01/2025 | 306.7 S15 | RES00299 | 07/01/2025 | Ej.1 | 07/01/2025 | Libro Referencia | |||||
| Dewey Decimal Classification | Colección General | Biblioteca Pública Acacias - Carlos María Hernández Rojas | Biblioteca Pública Acacias - Carlos María Hernández Rojas | General | 04/22/2025 | 306.7 S15 | ACA02380 | 04/22/2025 | Ej.1 | 04/22/2025 | Libro Referencia | |||||
| Dewey Decimal Classification | Colección General | Biblioteca Pública Barranca de Upia - María Dolores Herrera | Biblioteca Pública Barranca de Upia - María Dolores Herrera | General | 10/26/2023 | 306.7 S15 | BUP01228 | 10/26/2023 | Ej.1 | 10/26/2023 | Libro Referencia | |||||
| Sala General | Biblioteca Pública Departamental Eduardo Carranza - Villavicencio | Biblioteca Pública Departamental Eduardo Carranza - Villavicencio | General | 03/15/2016 | 155.3 D67s | ECA24639 | 11/26/2024 | Ej.1 | 11/26/2024 | LIbro | 18729 | 23911 | |||||
| Dewey Decimal Classification | Sala General Segundo Piso | Biblioteca Pública Germán Arciniegas - Villavicencio | Biblioteca Pública Germán Arciniegas - Villavicencio | 06/13/2016 | 306.7 S15 | 30110 | 06/13/2016 | Ej. 1 | 06/13/2016 | Libro Referencia | ||||||
| Dewey Decimal Classification | Colección General | Biblioteca Pública Guamal | Biblioteca Pública Guamal | General | 03/10/2023 | 306.7 S15 | GUA002148 | 03/10/2023 | Ej.1 | 03/10/2023 | LIbro | |||||
| Dewey Decimal Classification | Colección General | Biblioteca Pública Mapiripan | Biblioteca Pública Mapiripan | General | 04/18/2023 | 306.7 | MAP0000231 | 04/18/2023 | Ej.1 | 04/18/2023 | Libro Referencia | |||||
| Dewey Decimal Classification | Colección General | Biblioteca Pública San Juan de Arama - Concepción de Arama | Biblioteca Pública San Juan de Arama - Concepción de Arama | General | 06/29/2023 | 306 7 S15 | SJA00418 | 06/29/2023 | Ej.1 | 06/29/2023 | Libro Referencia |